[Event "Oberliga Ost B 2023 2024"]
[Site "?"]
[Date "2024.02.24"]
[Round "6.3"]
[Board "7"]
[White "Yavorovsky, Valeriy"]
[Black "Schaefer, Michael"]
[Result "1-0"]
[WhiteElo "2347"]
[BlackElo "2002"]
[PlyCount "95"]
[EventDate "2023.10.22"]
[EventType "team-tourn"]
[EventCountry "GER"]
[WhiteTeam "Oberursel SV"]
[BlackTeam "Moerlenbach Birkenau Freibauer"]
[WhiteTeamCountry "GER"]
[BlackTeamCountry "GER"]

1. d4 d5 2. Nf3 Nf6 3. c4 e6 4. Nc3 Be7 5. Bf4 O-O 6. e3 c5 7. dxc5 Bxc5 8. a3 Nc6 9. Rc1 Be7 10. cxd5 Nxd5 11. Nxd5 exd5 12. Ne5 Bf6 13. Nxc6 bxc6 14. Rc2 Re8 15. Bd3 Be6 16. O-O Qb6 17. b4 Red8 18. Qb1 g6 19. Rfc1 Rac8 20. Rc5 Be7 21. Ra5 Bd6 22. Bxd6 Rxd6 23. Qc2 Rdd8 24. Rc5 Qb8 25. Qc3 d4 26. exd4 Qf4 27. Ba6 Rb8 28. Rxc6 Rxd4 29. Qf3 Rbd8 30. Qxf4 Rxf4 31. Be2 Rd2 32. R6c2 Rfd4 33. Kf1 Bf5 34. Rxd2 Rxd2 35. Rc5 Ra2 36. g4 Ra1+ 37. Kg2 Be4+ 38. f3 Ra2 39. Kf1 Bxf3 40. Bxf3 Rxa3 41. Be2 Rh3 42. Ra5 Rxh2 43. Rxa7 h5 44. gxh5 gxh5 45. b5 h4 46. b6 Rh1+ 47. Kg2 Rb1 48. b7 1-0

[Event "Oberliga Ost B 2023 2024"]
[Site "?"]
[Date "2024.02.24"]
[Round "6.3"]
[Board "8"]
[White "Wohlfart, Paulus"]
[Black "Akhmatovski, Maxim"]
[Result "1/2-1/2"]
[WhiteElo "2118"]
[BlackElo "2084"]
[PlyCount "102"]
[EventDate "2023.10.22"]
[EventType "team-tourn"]
[EventCountry "GER"]
[WhiteTeam "Moerlenbach Birkenau Freibauer"]
[BlackTeam "Oberursel SV"]
[WhiteTeamCountry "GER"]
[BlackTeamCountry "GER"]

1. d4 d5 2. c4 c6 3. Nf3 Nf6 4. e3 Bf5 5. Nc3 e6 6. Nh4 Bg6 7. Be2 Nbd7 8. Qb3 Qc7 9. O-O Be7 10. Bd2 Ne4 11. Nxe4 Bxe4 12. Nf3 O-O 13. Rac1 Rfe8 14. Bb4 dxc4 15. Bxc4 Nb6 16. Be2 Bd5 17. Qa3 a5 18. Bxe7 Qxe7 19. Qxe7 Rxe7 20. Nd2 e5 21. dxe5 Bxa2 22. Ra1 Bd5 23. f4 f6 24. e4 Bf7 25. exf6 gxf6 26. Bf3 Nc4 27. Nxc4 Bxc4 28. Rfd1 a4 29. Kf2 Bb3 30. Rd2 Ra5 31. Rc1 c5 32. g4 c4 33. Rc3 Rc5 34. h4 h6 35. g5 fxg5 36. hxg5 hxg5 37. f5 b5 38. Rd8+ Kg7 39. Rb8 Kf6 40. Kg3 Ke5 41. Kg4 a3 42. bxa3 Kd4 43. Rc1 Rd7 44. Bd1 Ba2 45. Ba4 Rg7 46. Rxb5 Rxb5 47. Bxb5 c3 48. f6 Be6+ 49. Kh5 Bf7+ 50. Kg4 Be6+ 51. Kh5 Bf7+ 1/2-1/2

[Event "Oberliga Ost B 2023 2024"]
[Site "?"]
[Date "2024.02.24"]
[Round "6.4"]
[Board "1"]
[White "Sadeghi, Behrang"]
[Black "Mazurek, Robert"]
[Result "1/2-1/2"]
[WhiteElo "2223"]
[BlackElo "2234"]
[PlyCount "21"]
[EventDate "2023.10.22"]
[EventType "team-tourn"]
[EventCountry "GER"]
[WhiteTeam "Homburg Bad SK"]
[BlackTeam "Gernsheim SK"]
[WhiteTeamCountry "GER"]
[BlackTeamCountry "GER"]

1. e4 e5 2. Bc4 Nc6 3. Nc3 Nf6 4. d3 Na5 5. Nge2 c6 6. a3 Nxc4 7. dxc4 Be7 8. O-O d6 9. Qd3 O-O 10. Ng3 Be6 11. Rd1 1/2-1/2

[Event "Oberliga Ost B 2023 2024"]
[Site "?"]
[Date "2024.02.24"]
[Round "6.4"]
[Board "2"]
[White "Hebbering, Tom Elliot"]
[Black "Lesny, Florian"]
[Result "1/2-1/2"]
[WhiteElo "2192"]
[BlackElo "2207"]
[PlyCount "49"]
[EventDate "2023.10.22"]
[EventType "team-tourn"]
[EventCountry "GER"]
[WhiteTeam "Gernsheim SK"]
[BlackTeam "Homburg Bad SK"]
[WhiteTeamCountry "GER"]
[BlackTeamCountry "GER"]

1. Nf3 d5 2. c4 e6 3. g3 Nf6 4. Bg2 Be7 5. O-O O-O 6. d4 c6 7. b3 b6 8. Bb2 Nbd7 9. Qc2 Bb7 10. Nc3 Rc8 11. e4 dxe4 12. Nxe4 Nxe4 13. Qxe4 Nf6 14. Qe2 c5 15. Rad1 cxd4 16. Ne5 Bxg2 17. Kxg2 Qc7 18. Rxd4 Rfd8 19. Rfd1 Rxd4 20. Rxd4 Qb7+ 21. Qf3 Qxf3+ 22. Kxf3 Kf8 23. g4 Ke8 24. Rd3 Rc7 25. Bc3 1/2-1/2

[Event "Oberliga Ost B 2023 2024"]
[Site "?"]
[Date "2024.02.24"]
[Round "6.4"]
[Board "3"]
[White "Lenz, Jonas"]
[Black "Dietz, Holger"]
[Result "1/2-1/2"]
[WhiteElo "2141"]
[BlackElo "2274"]
[PlyCount "40"]
[EventDate "2023.10.22"]
[EventType "team-tourn"]
[EventCountry "GER"]
[WhiteTeam "Homburg Bad SK"]
[BlackTeam "Gernsheim SK"]
[WhiteTeamCountry "GER"]
[BlackTeamCountry "GER"]

1. d4 d5 2. c4 c6 3. Nf3 Nf6 4. e3 a6 5. Nbd2 b5 6. b3 Bg4 7. Be2 Nbd7 8. O-O e6 9. Bb2 Be7 10. Ne5 Bxe2 11. Qxe2 Nxe5 12. dxe5 Nd7 13. cxd5 cxd5 14. e4 Nc5 15. Rfd1 Ra7 16. a4 bxa4 17. b4 Qb8 18. exd5 exd5 19. bxc5 Qxb2 20. Rab1 Qa2 1/2-1/2

[Event "Oberliga Ost B 2023 2024"]
[Site "?"]
[Date "2024.02.24"]
[Round "6.4"]
[Board "4"]
[White "Braun, Vitali"]
[Black "Wolf, Ulrich Martin"]
[Result "1-0"]
[WhiteElo "2341"]
[BlackElo "2208"]
[PlyCount "109"]
[EventDate "2023.10.22"]
[EventType "team-tourn"]
[EventCountry "GER"]
[WhiteTeam "Gernsheim SK"]
[BlackTeam "Homburg Bad SK"]
[WhiteTeamCountry "GER"]
[BlackTeamCountry "GER"]

1. d4 f5 2. Bg5 g6 3. e3 Bg7 4. Nc3 Nf6 5. h4 h6 6. Bxf6 Bxf6 7. g4 d5 8. Bd3 c5 9. h5 cxd4 10. exd4 Nc6 11. Nge2 g5 12. gxf5 O-O 13. Qd2 Nb4 14. O-O-O Nxd3+ 15. Qxd3 Bg7 16. Ng3 Qd6 17. Rhe1 Bd7 18. Kb1 Rad8 19. Re3 Rf7 20. Rde1 Bf6 21. Re5 Bc6 22. R5e2 Qf4 23. Rd2 a6 24. Qe3 Rd6 25. Nce2 Qxe3 26. fxe3 e5 27. fxe6 Rxe6 28. e4 Bd8 29. e5 Be8 30. Rdd1 Rf2 31. Rf1 Rh2 32. Rh1 Rh4 33. Rdg1 Rg4 34. Nf5 Re4 35. Nc3 Rf4 36. Rf1 Rxf1+ 37. Rxf1 Bxh5 38. Nxd5 Bg4 39. Nd6 Bh3 40. Rg1 Kh7 41. Nxb7 Be7 42. c4 Bf5+ 43. Kc1 Be4 44. Nxe7 Rxe7 45. Nc5 Bf3 46. e6 Rc7 47. Kd2 Kg7 48. b4 Kf6 49. Ke3 g4 50. d5 Ke5 51. Nd7+ Kf5 52. Kd4 Be2 53. Ne5 Rg7 54. Rg2 Bd1 55. Rf2+ 1-0

[Event "Oberliga Ost B 2023 2024"]
[Site "?"]
[Date "2024.02.24"]
[Round "6.4"]
[Board "5"]
[White "Schmidt, Walter"]
[Black "Mueller, Maximilian"]
[Result "1-0"]
[WhiteElo "2196"]
[BlackElo "2312"]
[PlyCount "107"]
[EventDate "2023.10.22"]
[EventType "team-tourn"]
[EventCountry "GER"]
[WhiteTeam "Homburg Bad SK"]
[BlackTeam "Gernsheim SK"]
[WhiteTeamCountry "GER"]
[BlackTeamCountry "GER"]

1. d4 d5 2. c4 dxc4 3. Nf3 Nf6 4. e3 a6 5. Bxc4 e6 6. O-O c5 7. b3 Be7 8. Bb2 cxd4 9. Nxd4 b5 10. Be2 Bb7 11. Nd2 Nbd7 12. Rc1 Nc5 13. a4 b4 14. Bc4 O-O 15. Qe2 Qb6 16. Rfd1 Rfd8 17. N2f3 Nfd7 18. Nc2 Bf6 19. Bxf6 Nxf6 20. Qe1 a5 21. Rxd8+ Rxd8 22. Rd1 Nfe4 23. Rxd8+ Qxd8 24. Ncd4 Nc3 25. Qd2 Qf6 26. h3 h6 27. Nb5 Kh7 28. Qd4 Qxd4 29. Nfxd4 Kg6 30. Na7 N3e4 31. Nac6 Bxc6 32. Nxc6 Nd2 33. Nxa5 Kf6 34. Bb5 Ndxb3 35. Nc6 Nb7 36. Nxb4 Ke5 37. f3 Kd6 38. Nd3 f6 39. Kf2 e5 40. Ke2 Kd5 41. Kd1 N3c5 42. Kd2 f5 43. Nxc5 Kxc5 44. Kc3 g5 45. g3 h5 46. h4 gxh4 47. gxh4 Nd6 48. Be2 f4 49. exf4 exf4 50. Bd3 Ne8 51. a5 Nc7 52. Bc4 Ne8 53. a6 Kb6 54. Kd4 1-0

[Event "Oberliga Ost B 2023 2024"]
[Site "?"]
[Date "2024.02.24"]
[Round "6.4"]
[Board "6"]
[White "Peterson, Emery"]
[Black "Erdmann, Stefan"]
[Result "1/2-1/2"]
[WhiteElo "2170"]
[BlackElo "2126"]
[PlyCount "22"]
[EventDate "2023.10.22"]
[EventType "team-tourn"]
[EventCountry "GER"]
[WhiteTeam "Gernsheim SK"]
[BlackTeam "Homburg Bad SK"]
[WhiteTeamCountry "GER"]
[BlackTeamCountry "GER"]

1. e4 c5 2. Nf3 Nc6 3. d4 cxd4 4. Nxd4 Nf6 5. Nc3 d6 6. Be2 e5 7. Nb3 Be7 8. O-O O-O 9. Be3 Be6 10. f3 d5 11. exd5 Nxd5 1/2-1/2

[Event "Oberliga Ost B 2023 2024"]
[Site "?"]
[Date "2024.02.24"]
[Round "6.4"]
[Board "7"]
[White "Dunsbach, Ralf"]
[Black "Schupp, Uwe"]
[Result "0-1"]
[WhiteElo "2062"]
[BlackElo "2010"]
[PlyCount "38"]
[EventDate "2023.10.22"]
[EventType "team-tourn"]
[EventCountry "GER"]
[WhiteTeam "Homburg Bad SK"]
[BlackTeam "Gernsheim SK"]
[WhiteTeamCountry "GER"]
[BlackTeamCountry "GER"]

1. Nf3 d6 2. c4 e5 3. Nc3 Be7 4. d4 Nd7 5. e4 Ngf6 6. Be2 O-O 7. O-O c6 8. h3 a6 9. a4 a5 10. Be3 exd4 11. Bxd4 Nc5 12. Bxc5 dxc5 13. e5 Nh5 14. Qc1 g6 15. Rd1 Qc7 16. Ne4 f6 17. g4 f5 18. Nd6 fxg4 19. Ng5 Nf4 0-1

[Event "Oberliga Ost B 2023 2024"]
[Site "?"]
[Date "2024.02.24"]
[Round "6.4"]
[Board "8"]
[White "Henrich, David"]
[Black "Miyake Siqueira, Pedro Henrique"]
[Result "1/2-1/2"]
[WhiteElo "2072"]
[BlackElo "1730"]
[PlyCount "46"]
[EventDate "2023.10.22"]
[EventType "team-tourn"]
[EventCountry "GER"]
[WhiteTeam "Gernsheim SK"]
[BlackTeam "Homburg Bad SK"]
[WhiteTeamCountry "GER"]
[BlackTeamCountry "GER"]

1. c4 e5 2. g3 Nf6 3. Bg2 Nc6 4. Nc3 Bb4 5. Nd5 O-O 6. Nxb4 Nxb4 7. a3 Nc6 8. d3 d5 9. cxd5 Nxd5 10. Nf3 h6 11. O-O Be6 12. d4 exd4 13. Nxd4 Nxd4 14. Qxd4 c6 15. Rd1 Qb6 16. Qxb6 Nxb6 17. Be3 Rfd8 18. Rxd8+ Rxd8 19. b4 Bc4 20. Bf3 Bb5 21. Rc1 Nd5 22. Rd1 Ra8 23. Bd2 Ba4 1/2-1/2

[Event "Oberliga Ost B 2023 2024"]
[Site "?"]
[Date "2024.02.24"]
[Round "6.5"]
[Board "1"]
[White "Sadzikowski, Daniel"]
[Black "Paschke, Mario"]
[Result "1-0"]
[WhiteElo "2498"]
[BlackElo "2186"]
[PlyCount "61"]
[EventDate "2023.10.22"]
[EventType "team-tourn"]
[EventCountry "GER"]
[WhiteTeam "Heusenstamm SC"]
[BlackTeam "Eppstein SVG"]
[WhiteTeamCountry "GER"]
[BlackTeamCountry "GER"]

1. e4 c5 2. Nf3 d6 3. d4 cxd4 4. Nxd4 Nf6 5. Nc3 g6 6. Be3 Bg7 7. f3 Nc6 8. Qd2 O-O 9. Bc4 Nxd4 10. Bxd4 Be6 11. Bb3 Qa5 12. O-O-O b5 13. Bxe6 fxe6 14. Kb1 b4 15. Ne2 Rab8 16. h4 e5 17. Be3 d5 18. exd5 Rfd8 19. c4 bxc3 20. Nxc3 e4 21. Bd4 Rb4 22. Qc2 Rdb8 23. Rhe1 e3 24. d6 exd6 25. b3 Qa3 26. Ne2 Ne4 27. fxe4 Rxb3+ 28. Ka1 Bxd4+ 29. Rxd4 d5 30. Rxd5 Rb2 31. Rd8+ 1-0

[Event "Oberliga Ost B 2023 2024"]
[Site "?"]
[Date "2024.02.24"]
[Round "6.5"]
[Board "2"]
[White "Marschner, Thomas"]
[Black "Poetsch, Hagen"]
[Result "0-1"]
[WhiteElo "1953"]
[BlackElo "2459"]
[PlyCount "42"]
[EventDate "2023.10.22"]
[EventType "team-tourn"]
[EventCountry "GER"]
[WhiteTeam "Eppstein SVG"]
[BlackTeam "Heusenstamm SC"]
[WhiteTeamCountry "GER"]
[BlackTeamCountry "GER"]

1. e4 c5 2. Nf3 d6 3. d4 cxd4 4. Nxd4 Nf6 5. Nc3 a6 6. Bc4 e6 7. Be3 b5 8. Bb3 Be7 9. Qe2 O-O 10. O-O-O b4 11. Na4 Nxe4 12. Nxe6 Bxe6 13. Bb6 Qe8 14. Qxe4 Bxb3 15. Qxa8 Bxa4 16. Rhe1 Qc8 17. b3 Bg5+ 18. Be3 Bc6 19. Qa7 Be4 20. c4 Nc6 21. Qb6 Bd8 0-1

[Event "Oberliga Ost B 2023 2024"]
[Site "?"]
[Date "2024.02.24"]
[Round "6.5"]
[Board "3"]
[White "Zuyev, Igor"]
[Black "Steyer, Bernd"]
[Result "1-0"]
[WhiteElo "2455"]
[BlackElo "2152"]
[PlyCount "89"]
[EventDate "2023.10.22"]
[EventType "team-tourn"]
[EventCountry "GER"]
[WhiteTeam "Heusenstamm SC"]
[BlackTeam "Eppstein SVG"]
[WhiteTeamCountry "GER"]
[BlackTeamCountry "GER"]

1. e4 c5 2. Nc3 Nc6 3. f4 g6 4. Nf3 Bg7 5. Bb5 Nd4 6. O-O a6 7. Bc4 b5 8. Bd5 Rb8 9. d3 e6 10. Bb3 Ne7 11. Nxd4 Bxd4+ 12. Kh1 Bb7 13. a4 b4 14. Ne2 Bg7 15. Be3 Qc7 16. c3 f5 17. cxb4 cxb4 18. e5 Nd5 19. Ba7 Rc8 20. Rc1 Qa5 21. Rxc8+ Bxc8 22. Qe1 Bb7 23. Qf2 Kf7 24. Rc1 Rc8 25. Rc4 Bf8 26. Kg1 Be7 27. Bd1 Qd8 28. g3 a5 29. Bb3 Ba6 30. Rxc8 Qxc8 31. Bxd5 exd5 32. Qd4 Qc6 33. Kf2 Bd8 34. Ke3 Ke6 35. Qc5 Qxc5+ 36. Bxc5 h6 37. Nd4+ Kf7 38. Nb5 Ke6 39. Nd6 Bc7 40. b3 Bd8 41. Kd4 Bc7 42. Nb5 Bd8 43. Ba7 Bb7 44. Kc5 Bc6 45. Nd4+ 1-0

[Event "Oberliga Ost B 2023 2024"]
[Site "?"]
[Date "2024.02.24"]
[Round "6.5"]
[Board "4"]
[White "Raab, Peter"]
[Black "Solonar, Stefan"]
[Result "1/2-1/2"]
[WhiteElo "2151"]
[BlackElo "2277"]
[PlyCount "58"]
[EventDate "2023.10.22"]
[EventType "team-tourn"]
[EventCountry "GER"]
[WhiteTeam "Eppstein SVG"]
[BlackTeam "Heusenstamm SC"]
[WhiteTeamCountry "GER"]
[BlackTeamCountry "GER"]

1. Nf3 Nf6 2. c4 c5 3. d4 cxd4 4. Nxd4 Nc6 5. Nc3 g6 6. g3 d6 7. Bg2 Bd7 8. O-O Bg7 9. b3 O-O 10. Bb2 Rc8 11. Rc1 a6 12. h3 Qa5 13. e3 Nxd4 14. Qxd4 Bc6 15. Qd3 Bxg2 16. Kxg2 Rc5 17. Na4 Rc6 18. Bc3 Qc7 19. Bd2 b5 20. cxb5 Rxc1 21. Rxc1 Qb7+ 22. f3 axb5 23. Nc3 Rb8 24. a4 bxa4 25. bxa4 Qa7 26. Rb1 Nd7 27. Rxb8+ Nxb8 28. Qb5 Kf8 29. Nd5 Be5 1/2-1/2

[Event "Oberliga Ost B 2023 2024"]
[Site "?"]
[Date "2024.02.24"]
[Round "6.5"]
[Board "5"]
[White "Klundt, Klaus"]
[Black "Kreiling, Carsten"]
[Result "1-0"]
[WhiteElo "2273"]
[BlackElo "2092"]
[PlyCount "115"]
[EventDate "2023.10.22"]
[EventType "team-tourn"]
[EventCountry "GER"]
[WhiteTeam "Heusenstamm SC"]
[BlackTeam "Eppstein SVG"]
[WhiteTeamCountry "GER"]
[BlackTeamCountry "GER"]

1. e4 c5 2. Nf3 d6 3. d4 cxd4 4. Nxd4 Nf6 5. Nc3 g6 6. Be3 Bg7 7. f3 O-O 8. Qd2 Nc6 9. O-O-O Nxd4 10. Bxd4 Be6 11. h4 Qa5 12. a3 Rfc8 13. g4 Rab8 14. h5 b5 15. hxg6 hxg6 16. Nd5 Qxd2+ 17. Rxd2 Nxd5 18. exd5 Bxd4 19. Rxd4 Bd7 20. g5 Kg7 21. Rdh4 Rg8 22. Bd3 Bf5 23. Kd2 Rbc8 24. b4 a5 25. bxa5 Bxd3 26. cxd3 Ra8 27. Rh7+ Kf8 28. Rc1 Rg7 29. Rh4 Rg8 30. Rc6 Rxa5 31. Rh7 Ra8 32. Rb6 Rg7 33. Rh4 Rg8 34. Rb7 Rxa3 35. Re4 Ra4 36. Rexe7 Rf4 37. Ke3 Rf5 38. Red7 Kg7 39. Rxd6 Re8+ 40. Re6 Rxe6+ 41. dxe6 Re5+ 42. Kd4 Rxe6 43. Rxb5 f6 44. f4 Ra6 45. Kd5 fxg5 46. fxg5 Ra3 47. d4 Rf3 48. Rb7+ Kf8 49. Ke6 Rf5 50. d5 Rxg5 51. d6 Rg1 52. Rf7+ Kg8 53. Rc7 Kf8 54. Rc8+ Kg7 55. d7 Re1+ 56. Kd6 Rd1+ 57. Kc6 Rc1+ 58. Kb5 1-0

[Event "Oberliga Ost B 2023 2024"]
[Site "?"]
[Date "2024.02.24"]
[Round "6.5"]
[Board "6"]
[White "Zweschper, Erich"]
[Black "Paszewski, Mateusz"]
[Result "1/2-1/2"]
[WhiteElo "1999"]
[BlackElo "2294"]
[PlyCount "84"]
[EventDate "2023.10.22"]
[EventType "team-tourn"]
[EventCountry "GER"]
[WhiteTeam "Eppstein SVG"]
[BlackTeam "Heusenstamm SC"]
[WhiteTeamCountry "GER"]
[BlackTeamCountry "GER"]

{[%evp 0,41,26,20,34,19,23,5,51,16,28,19,23,23,25,28,20,-6,-13,-8,0,8,-10,-12,-19,-35,-38,-38,-33,-74,-56,-84,-55,-67,-60,-107,-121,-89,-120,-154,-154,-256,-147,-143]} 1. d4 Nf6 2. Nf3 d5 3. e3 c5 4. c3 cxd4 5. exd4 Nc6 6. Bd3 Bg4 7. h3 Bh5 8. Nbd2 e6 9. Qe2 Bd6 10. O-O Qc7 11. Re1 Bg6 12. Nh4 Bxd3 13. Qxd3 O-O 14. Ndf3 Rae8 15. Bd2 Ne4 16. Re2 h6 17. g4 g5 18. Ng2 f5 19. c4 fxg4 20. hxg4 Qf7 21. Nge1 h5 22. Rxe4 dxe4 23. Qxe4 hxg4 24. Qxg4 Qf5 25. Qxg5+ Qxg5+ 26. Bxg5 Bf4 27. Bh4 Bc7 28. Kg2 Rf4 29. Nd3 Rg4+ 30. Kh3 Rg6 31. Re1 Rf8 32. Re3 Rf5 33. Bg3 Rh5+ 34. Kg2 Ne7 35. Nde5 Rg7 36. Re4 Nf5 37. Ng4 Nxg3 38. fxg3 Kf7 39. Nge5+ Ke7 40. g4 Bxe5 41. Nxe5 Rh8 42. Kg3 Rh1 1/2-1/2

[Event "Oberliga Ost B 2023 2024"]
[Site "?"]
[Date "2024.02.24"]
[Round "6.5"]
[Board "8"]
[White "Neumann, Karsten"]
[Black "Flach, Erich"]
[Result "1/2-1/2"]
[WhiteElo "1780"]
[BlackElo "2071"]
[PlyCount "93"]
[EventDate "2023.10.22"]
[EventType "team-tourn"]
[EventCountry "GER"]
[WhiteTeam "Eppstein SVG"]
[BlackTeam "Heusenstamm SC"]
[WhiteTeamCountry "GER"]
[BlackTeamCountry "GER"]

1. d4 Nf6 2. c4 c5 3. e3 e6 4. Nc3 a6 5. Nf3 d5 6. cxd5 exd5 7. dxc5 Bxc5 8. Be2 Nc6 9. O-O O-O 10. a3 Ba7 11. Qc2 Be6 12. Rd1 Rc8 13. Bd3 h6 14. Bf5 Qe7 15. Bxe6 fxe6 16. Bd2 e5 17. Qg6 Qe6 18. b4 Ne7 19. Qb1 e4 20. Nd4 Qe5 21. h3 Bxd4 22. exd4 Qxd4 23. Ne2 Qc4 24. Ng3 Qc2 25. Be3 Kf7 26. Bc5 Qxb1 27. Raxb1 g6 28. Kf1 Rfd8 29. Rd4 Nf5 30. Nxf5 gxf5 31. Rbd1 Ke6 32. R4d2 h5 33. Be3 Rc3 34. Bd4 Rxa3 35. Bxf6 Kxf6 36. Rxd5 Rxd5 37. Rxd5 Ke6 38. Rc5 Ra4 39. Rc4 Ra1+ 40. Ke2 Rb1 41. g4 hxg4 42. hxg4 Kd5 43. Rc5+ Kd4 44. gxf5 Rb2+ 45. Ke1 Rb3 46. f6 Rf3 47. Rc7 1/2-1/2

[Event "Oberliga Ost B 2023 2024"]
[Site "?"]
[Date "2024.02.24"]
[Round "6.6"]
[Board "1"]
[White "Haack, Kevin"]
[Black "Gloeckler, Christian"]
[Result "0-1"]
[WhiteElo "2260"]
[BlackElo "2312"]
[PlyCount "68"]
[EventDate "2023.10.22"]
[EventType "team-tourn"]
[EventCountry "GER"]
[WhiteTeam "Hofheim SV II"]
[BlackTeam "Wiesbadener SV"]
[WhiteTeamCountry "GER"]
[BlackTeamCountry "GER"]

1. d4 Nf6 2. c4 e6 3. g3 d5 4. Bg2 dxc4 5. Nf3 c5 6. O-O Nc6 7. dxc5 Qxd1 8. Rxd1 Bxc5 9. Nbd2 c3 10. bxc3 O-O 11. Nb3 Be7 12. c4 Bd7 13. Bb2 Rfc8 14. Bxf6 Bxf6 15. Rxd7 Bxa1 16. Nxa1 Rd8 17. Rxd8+ Rxd8 18. Nb3 Rd1+ 19. Bf1 Rb1 20. Nfd2 Rb2 21. a3 a5 22. a4 Ra2 23. Bg2 Rxa4 24. f4 Ra2 25. Ne4 a4 26. Nbc5 a3 27. Nc3 Rc2 28. N5a4 Nd4 29. Bf1 b5 30. cxb5 Nxb5 31. Nxb5 a2 32. Nd4 Rc4 33. Nb3 Rxa4 34. e4 Rb4 0-1

[Event "Oberliga Ost B 2023 2024"]
[Site "?"]
[Date "2024.02.24"]
[Round "6.6"]
[Board "2"]
[White "Khenkin, Igor"]
[Black "Plenca, Julijan"]
[Result "1-0"]
[WhiteElo "2508"]
[BlackElo "2433"]
[PlyCount "71"]
[EventDate "2023.10.22"]
[EventType "team-tourn"]
[EventCountry "GER"]
[WhiteTeam "Wiesbadener SV"]
[BlackTeam "Hofheim SV II"]
[WhiteTeamCountry "GER"]
[BlackTeamCountry "GER"]

1. Nf3 d5 2. g3 Nf6 3. Bg2 g6 4. O-O Bg7 5. d4 O-O 6. c3 Ne4 7. Nfd2 f5 8. Nxe4 fxe4 9. f3 exf3 10. exf3 c5 11. dxc5 d4 12. Qb3+ Kh8 13. Nd2 a5 14. a4 Na6 15. Ne4 Bf5 16. Qxb7 dxc3 17. bxc3 Qd3 18. Bg5 h6 19. Bxe7 Rab8 20. Qc6 Rf7 21. Qd6 Qc4 22. Rfe1 Re8 23. Bf1 Qb3 24. Reb1 Qe6 25. Qxe6 Bxe6 26. Bd6 Rxf3 27. Bb5 Ra8 28. Rf1 Rf5 29. Rad1 Ra7 30. c6 Nc7 31. c4 Bg8 32. Rxf5 gxf5 33. Nc5 Ne8 34. Bf4 Bf8 35. Nd7 Bg7 36. Bb8 1-0

[Event "Oberliga Ost B 2023 2024"]
[Site "?"]
[Date "2024.02.24"]
[Round "6.6"]
[Board "3"]
[White "Zude, Erik"]
[Black "Geske, Julian"]
[Result "1/2-1/2"]
[WhiteElo "2364"]
[BlackElo "2389"]
[PlyCount "24"]
[EventDate "2023.10.22"]
[EventType "team-tourn"]
[EventCountry "GER"]
[WhiteTeam "Hofheim SV II"]
[BlackTeam "Wiesbadener SV"]
[WhiteTeamCountry "GER"]
[BlackTeamCountry "GER"]

1. c4 e5 2. g3 Nf6 3. Bg2 d5 4. cxd5 Nxd5 5. Nc3 Nb6 6. Nf3 Nc6 7. O-O Be7 8. d3 O-O 9. Be3 Be6 10. Rc1 Nd5 11. a3 Qd7 12. Ne4 Nxe3 1/2-1/2

[Event "Oberliga Ost B 2023 2024"]
[Site "?"]
[Date "2024.02.24"]
[Round "6.6"]
[Board "4"]
[White "Dubkov, Andrej"]
[Black "Weber, Ulrich"]
[Result "1/2-1/2"]
[WhiteElo "2360"]
[BlackElo "2329"]
[PlyCount "29"]
[EventDate "2023.10.22"]
[EventType "team-tourn"]
[EventCountry "GER"]
[WhiteTeam "Wiesbadener SV"]
[BlackTeam "Hofheim SV II"]
[WhiteTeamCountry "GER"]
[BlackTeamCountry "GER"]

1. d4 Nf6 2. c4 g6 3. Nc3 Bg7 4. e4 d6 5. h3 O-O 6. Be3 c5 7. Nf3 cxd4 8. Nxd4 b6 9. Qd2 Bb7 10. f3 Nbd7 11. Be2 a6 12. O-O Rc8 13. Rac1 Re8 14. Rfd1 e6 15. Bg5 1/2-1/2

[Event "Oberliga Ost B 2023 2024"]
[Site "?"]
[Date "2024.02.24"]
[Round "6.6"]
[Board "5"]
[White "Zude, Arno"]
[Black "Anwesh, Upadhyaya"]
[Result "1-0"]
[WhiteElo "2330"]
[BlackElo "2340"]
[PlyCount "77"]
[EventDate "2023.10.22"]
[EventType "team-tourn"]
[EventCountry "GER"]
[WhiteTeam "Hofheim SV II"]
[BlackTeam "Wiesbadener SV"]
[WhiteTeamCountry "GER"]
[BlackTeamCountry "GER"]

1. e4 e5 2. Nf3 Nc6 3. Bc4 Bc5 4. c3 Nf6 5. d3 O-O 6. O-O d5 7. exd5 Nxd5 8. Re1 Bg4 9. Nbd2 Nb6 10. h3 Bh5 11. Bb3 Bd6 12. a4 a5 13. Ne4 Kh8 14. g4 Bg6 15. d4 exd4 16. Nxd4 Nxd4 17. Qxd4 Re8 18. Bg5 Bh2+ 19. Kxh2 Qxd4 20. cxd4 Rxe4 21. Rxe4 Bxe4 22. Re1 Bd5 23. Bc2 Be6 24. Bd2 Nd5 25. f4 Nb4 26. Bb1 Re8 27. f5 Bd7 28. Bxb4 axb4 29. Rxe8+ Bxe8 30. a5 Bc6 31. Kg3 f6 32. Kf4 Bd5 33. Be4 c6 34. Ke3 h5 35. Bxd5 cxd5 36. Kf4 hxg4 37. Kxg4 Kg8 38. Kh5 Kf7 39. b3 1-0

[Event "Oberliga Ost B 2023 2024"]
[Site "?"]
[Date "2024.02.24"]
[Round "6.6"]
[Board "6"]
[White "Minor, Samuel"]
[Black "Kostiukova, Liubov"]
[Result "1/2-1/2"]
[WhiteElo "2222"]
[BlackElo "2232"]
[PlyCount "96"]
[EventDate "2023.10.22"]
[EventType "team-tourn"]
[EventCountry "GER"]
[WhiteTeam "Wiesbadener SV"]
[BlackTeam "Hofheim SV II"]
[WhiteTeamCountry "GER"]
[BlackTeamCountry "GER"]

1. e4 c6 2. d4 d5 3. Nc3 dxe4 4. Nxe4 Nf6 5. Nxf6+ exf6 6. c3 Bd6 7. Bd3 Na6 8. Ne2 Nc7 9. Bf4 Bg4 10. Qd2 Nd5 11. Bxd6 Qxd6 12. h3 Bh5 13. Ng3 Bg6 14. Qe2+ Kf8 15. Bxg6 hxg6 16. O-O-O Re8 17. Qd3 f5 18. Kb1 Qf4 19. Rhf1 b5 20. Ne2 Qe4 21. Qxe4 fxe4 22. Rc1 g5 23. c4 bxc4 24. Rxc4 Rh6 25. Rfc1 Rf6 26. Rxc6 Rxf2 27. Ng1 Nb4 28. R6c4 Nd3 29. R4c2 e3 30. Rd1 Nf4 31. g3 e2 32. Re1 Nd3 33. Rcxe2 Rexe2 34. Rxe2 Rf1+ 35. Kc2 Nc1 36. Rg2 Nxa2 37. Kb3 Nc1+ 38. Kc4 Ke7 39. b4 Kd6 40. Ne2 Nxe2 41. Rxe2 Rc1+ 42. Kd3 Rg1 43. g4 g6 44. Ra2 Rd1+ 45. Ke4 Re1+ 46. Kd3 Rd1+ 47. Kc4 Rc1+ 48. Kd3 Rd1+ 1/2-1/2

[Event "Oberliga Ost B 2023 2024"]
[Site "?"]
[Date "2024.02.24"]
[Round "6.6"]
[Board "7"]
[White "Brendel, Oliver"]
[Black "Gottschalk, Jens"]
[Result "1-0"]
[WhiteElo "2291"]
[BlackElo "2217"]
[PlyCount "103"]
[EventDate "2023.10.22"]
[EventType "team-tourn"]
[EventCountry "GER"]
[WhiteTeam "Hofheim SV II"]
[BlackTeam "Wiesbadener SV"]
[WhiteTeamCountry "GER"]
[BlackTeamCountry "GER"]

1. c4 e5 2. g3 Nf6 3. Bg2 d5 4. cxd5 Nxd5 5. Nc3 Nb6 6. Nf3 Nc6 7. O-O Be7 8. d3 O-O 9. Be3 Be6 10. d4 exd4 11. Nxd4 Nxd4 12. Bxd4 c6 13. b3 Bf6 14. Bxf6 Qxf6 15. Ne4 Qe7 16. Qd6 Rfe8 17. Qxe7 Rxe7 18. Nc5 Rae8 19. Nxb7 Rxb7 20. Bxc6 Reb8 21. Bxb7 Rxb7 22. Rac1 Kf8 23. e4 Ke7 24. f3 a5 25. Rc5 Ra7 26. Rfc1 a4 27. Rc7+ Rxc7 28. Rxc7+ Kd6 29. Rc3 axb3 30. axb3 Nd7 31. Kf2 Nc5 32. b4 Na4 33. Rc1 Nb2 34. Ke3 Nc4+ 35. Kd4 Ne5 36. f4 Nc6+ 37. Kc3 Na7 38. Kd3 Bd7 39. e5+ Ke6 40. Kd4 g5 41. Ra1 Nb5+ 42. Kc5 gxf4 43. gxf4 Nc3 44. Ra6+ Ke7 45. Rh6 Ne2 46. Rf6 Nc3 47. Kc4 Nd1 48. b5 Ne3+ 49. Kc5 Be6 50. b6 Kd7 51. Rh6 Bf5 52. Rc6 1-0